Zabudnite na dlhopisy. Sú tu dividendové akcie

Dividendoví aristokrati dokážu dvíhať každoročnú výplatu akcionárom aj dekády za sebou. 25 rokov rastúcich dividend je podmienka pre zaradenie medzi Dividendových aristokratov. Dividendové výnosy vybraných trhov.

Salvato in:
Dettagli Bibliografici
Autore principale: Makarová, Xénia
Altri autori: Kukučka, Jaroslav
Natura: Capitolo di libro
Lingua:slovacco
Soggetti:
Tags: Aggiungi Tag
Nessun Tag, puoi essere il primo ad aggiungerne!!

MARC

LEADER 00000naa a2200000 4500
001 0147354
005 20231113075402.3
041 0 |a slo 
044 |a SK 
245 1 0 |a Zabudnite na dlhopisy. Sú tu dividendové akcie  |c Xénia Makarová, Jaroslav Kukučka 
520 |a Dividendoví aristokrati dokážu dvíhať každoročnú výplatu akcionárom aj dekády za sebou. 25 rokov rastúcich dividend je podmienka pre zaradenie medzi Dividendových aristokratov. Dividendové výnosy vybraných trhov. 
610 2 0 |a akcie 
610 2 0 |a dividendy 
610 2 0 |a výnosy 
610 2 0 |a firmy 
610 2 0 |a financie 
100 1 |a Makarová, Xénia 
700 1 |a Kukučka, Jaroslav